000 00399nam a2200133Ia 4500
008 100328s9999 xx 000 0 und d
082 _b17539
100 _aप्रीतम अमृता
245 _aबन्द दरवाजा
260 _bशिक्षा भारती
630 _aबन्द दरवाजा
730 _aबन्द दरवाजा
942 _cBOOK
999 _c512101
_d512098